Harness this heat (Record no. 79984)
[ view plain ]
| 000 -LEADER | |
|---|---|
| fixed length control field | 01044cab a22001935a 4500 |
| 001 - CONTROL NUMBER | |
| control field | L142947 |
| 008 - FIXED-LENGTH DATA ELEMENTS--GENERAL INFORMATION | |
| fixed length control field | 080325s2008 xxk f 000 0 eng d |
| 035 ## - SYSTEM CONTROL NUMBER | |
| System control number | (Sirsi) u142947 |
| 041 0# - LANGUAGE CODE | |
| Language code of text/sound track or separate title | eng |
| 100 1# - MAIN ENTRY--PERSONAL NAME | |
| Personal name | Orchard, William |
| 245 00 - TITLE STATEMENT | |
| Title | Harness this heat |
| 260 ## - PUBLICATION, DISTRIBUTION, ETC. | |
| Date of publication, distribution, etc. | 2008 |
| 490 #0 - SERIES STATEMENT | |
| Series statement | Building Services Journal |
| Volume/sequential designation | 30(3) March 2008, 38-41(4) |
| 520 ## - SUMMARY, ETC. | |
| Summary, etc. | Questions whether piped waste heat from electricity generation is the most sustainable option for the UK. Instead of considering city-wide Combined Heat and Power (CHP) systems and piped heat supplies, government has focused on small and micro CHP systems and ignored the potential of the large systems. Article illustrates the cost, security of supply and environmental advantages of city-wide CHP. Table shows the carbon dioxide footprints of different heating systems. |
| 590 ## - LOCAL NOTE (RLIN) | |
| Local note | KA |
| 651 #4 - SUBJECT ADDED ENTRY--GEOGRAPHIC NAME | |
| Geographic name | United Kingdom |
| Chronological subdivision | |
| 690 ## - LOCAL SUBJECT ADDED ENTRY--TOPICAL TERM (OCLC, RLIN) | |
| Topical term or geographic name as entry element | BUILT ENVIRONMENT-BUILDING ELEMENTS-COMPLETE BUILDING SERVICES ELEMENTS-COMPLETE HEATING, VENTILATION AND AIR CONDITIONING SYSTEMS |
| 942 ## - ADDED ENTRY ELEMENTS (KOHA) | |
| Suppress in OPAC | 0 |
| Withdrawn status | Lost status | Source of classification or shelving scheme | Damaged status | Not for loan | Home library | Current library | Shelving location | Date acquired | Total Checkouts | Full call number | Barcode | Date last seen | Copy number | Price effective from | Koha item type |
|---|---|---|---|---|---|---|---|---|---|---|---|---|---|---|---|
| Dewey Decimal Classification | London | London | Journal article | 25/03/2008 | L142947 | 142947-1001 | 06/08/2019 | 1 | 06/08/2019 | Journal article |